000 00729nam a22002297a 4500
003 URS
005 20260223152148.0
008 260223s2024 ph a|||| |||| 00| 0 eng d
020 _a9786210453638
040 _bEnglish
_cURS
050 _aLB 1028.3
_b.T871 2024
100 _4author
_aTuscano, Francis Jim B.
245 _aEmpowered to thrive:
_bigniting the blended learning journey for the school/
_cFrancis Jim B. Tuscano
250 _aFirst Edition.
264 _aManila:
_bRex Book Store;
_cc2024
300 _axxxvi, 125 pages:
_billustrations;
_c26 cm.
336 _2rdaconten
_atext
_btxt
337 _2rdamedia
_aunmediated
_bn
338 _2rdacarrier
_avolume
_bnc
650 _aEducational technology
942 _2lcc
_cF
999 _c98728
_d98725